| 000 | 00831nam a22002415a 4500 | ||
|---|---|---|---|
| 003 | OSt | ||
| 005 | 20170409153311.0 | ||
| 008 | 170313s2007 ua frb 000 0 ara d | ||
| 015 | _a2007 / 16654 | ||
| 020 | _a9770452890 | ||
| 040 |
_aEG-ScBUE _bara _cEG-ScBUE |
||
| 043 | _af-ua--- | ||
| 082 | 0 | 4 |
_a344.6201891 _bع ج ي _222 |
| 100 | 1 | _aعجيز، محمد محمد أحمد. | |
| 245 | 1 | 2 |
_aالإنهاء الاتفاقي لعلاقات العمل / _cمحمد محمد أحمد عجيز. |
| 260 |
_aالقاهرة : _bدار النهضة العربية، _c2007. |
||
| 300 |
_a161 ص. ؛ _c24 سم. |
||
| 504 | _aيشتمل على إرجاعات ببليوجرافية. | ||
| 650 | 7 |
_aعقود العمل _xقوانين وتشريعات _zمصر. _2BUEsh |
|
| 651 | _2BUEsh | ||
| 653 |
_bLLAAWW _cApril2017 |
||
| 942 | _2ddc | ||
| 999 |
_c24633 _d24605 |
||